Le bon prénom - Statistiques

Statistiques générales
  • Ce quiz a été pris 90 fois
  • Le résultat moyen est 12 sur 20
Statistiques - réponses
Description de la célébrité Réponses % Correct
Je suis une jeune femme juive, restée cachée pendant des mois avec ma famille à Amsterdam pour échapper à la déportation. J'ai laissé derrière moi, mon journal intime. Anne
92%
Je suis un savant, l'un des pionniers de la microbiologie. J'ai découvert le vaccin contre la rage dans la deuxième partie du XIXe siècle. Louis
90%
Je suis un astronaute et un pilote français ayant fait deux voyages de six mois dans l'espace, l'un en 2017, l'autre en 2021. Thomas
87%
Je suis une avocate et activiste originaire de Chicago, tout comme mon mari, un passionné de basket qui a occupé la Maison-Blanche à deux reprises. Michelle
82%
Je suis née en 1907 au Mexique, mondialement reconnue pour mes peintures, ma résilience après un grave accident de bus survenu à mes 17 ans, et mon célèbre mono-sourcil. Frida
79%
J'ai fait partie de la troupe du Splendid et j'ai joue le rôle de Clément Mathieu dans le film "Les Choristes". Gérard
78%
Je suis un coureur cycliste ayant gagné à de nombreuses reprises le Tour de France dans les années 2000. Mes maillots jaunes m'ont tous été retirés parce que je me suis dopé. Lance
78%
Je suis une chanteuse américaine, interprète de "Like a Prayer" en 1989. Madonna
73%
Je suis le deuxième fils du Roi Charles III et de la Princesse Diana. Harry
68%
Je suis une actrice et une mannequin italienne. Je suis une James Bond Girl. Je joue le rôle de Cléopatre dans le film "Astérix et Obélix : Mission Cléopâtre" sorti en 2002. Monica
64%
Je suis un compositeur et pianiste allemand, né en 1770. Au cours de ma vie, j'ai composé de nombreuses symphonies et sonates, malgré des acouphènes et la surdité quasi totale qui m’a frappé dès l’âge de 30 ans. Ludwig
62%
Je suis un homme politique, mort par suicide en mai 1993, un mois après avoir quitté mes fonctions de Premier Ministre de la République Française. Pierre
51%
Je suis un Youtubeur français ayant percé dans le game grâce à mes vidéos sur "Call Of Duty" lorsque j'étais au lycée. Par la suite, je me suis associé avec Cyprien pour créer la chaîne "Cyprien Gaming". J'ai un chat qui s'appelle Jumbo. Lucas
48%
Je suis une joueuse de tennis russe, quintuple vainqueur en Grand Chelem, connue pour mes cris puissants sur le court et ma rivalité avec Serena Williams. Maria
39%
Je suis une actrice née en Argentine, ayant joué les rôles de Peppy Miller dans "The Artist" et de Larmina El Akmar Betouche dans "OSS 117 : Le Caire, nid d'espions". Bérénice
38%
Je suis une nageuse française, championne olympique. J’ai tragiquement perdu la vie dans un accident d’hélicoptère en Argentine lors du tournage d’une émission de télévision en 2015. Camille
38%
Je suis une actrice originaire du Texas, récompensée par un Golden Globe et un Oscar. Parmi mes rôles marquants, j'ai incarné une jeune femme tenant un journal intime dans lequel elle confie ses déboires amoureux dans une célèbre saga cinématographique. On m'a également vue aux côtés de Tom Cruise dans la comédie romantique "Jerry Maguire". Renée
32%
J'ai inventé avec mon ami d'Alembert les premières encyclopédies au XVIIIe siècle. Denis
30%
Je suis une actrice américano-cubaine, ayant joué dans les films "Hitch, expert en séduction" et "Training Day". Eva
14%
Je suis un acteur et humoriste, ami de nombreuses stars à Hollywood, dont Michael Jackson. J'ai partagé l'affiche de la trilogie "Rush Hour" avec Jackie Chan. Je joue également le rôle de Smokey dans le film "Friday". Chris
12%
Aucun quiz correspondant
Distribution des résultats
% des personnes avec chaque résultat
Percentile par nombre de réponses
Votre historique - résultats
Vous n’avez pas pris ce quiz